[Event "Mukachevo Christmas op U16"]
[Site "Mukachevo"]
[Date "2020.01.10"]
[Round "3"]
[White "Ivanytska, Sofiia"]
[Black "Petrovskiy, Vadim1"]
[Result "0-1"]
[WhiteElo "1665"]
[BlackElo "2209"]
[PlyCount "72"]
[EventDate "2020.01.09"]
[EventType "swiss"]
[EventRounds "9"]
[EventCountry "UKR"]
[SourceTitle "CBM 195 Extra"]
[Source "ChessBase"]
[SourceDate "2020.05.31"]
[SourceVersion "1"]
[SourceVersionDate "2020.05.31"]
[SourceQuality "1"]

1. e4 c5 2. Nf3 Nc6 3. d4 cxd4 4. Nxd4 Nf6 5. Nc3 e6 6. Nxc6 bxc6 7. e5 Nd5 8. Ne4 Qc7 9. f4 Qb6 10. c4 Bb4+ 11. Ke2 f5 12. exf6 Nxf6 13. Be3 Qb8 14. Nxf6+ gxf6 15. Kf2 Bd6 16. Qd2 c5 17. Rd1 Be7 18. Be2 Qc7 19. Bh5+ Kd8 20. Bf3 Bb7 21. Bxb7 Qxb7 22. Rhe1 Rg8 23. Kg1 f5 24. g3 Qc6 25. Qa5+ Kc8 26. a3 h5 27. Kf2 h4 28. Rg1 Rb8 29. Qc3 Rg6 30. Rb1 Qe4 31. Qe1 Rb3 32. Qc1 Bf6 33. Bxc5 Rf3+ 34. Kg2 h3+ 35. Kxh3 Rfxg3+ 36. Rxg3 Rh6# 0-1